00529nam a2200169Ia 4500008004000000082001600040100001700056245004800073260003200121300000800153440000600161650003500167690001000202906001000212999001700222952012000239210210b1966 xxu||||| |||| 00| 0 eng d a581.03 NOVP aNOVAK (F A). aPictorial encyclopaedia of plant & flowers. aN YbCrown Publishersc1966 a589 a2 aPlant Flower Encyclopaedia  aBotan a03023 c81419d81419 001040738BiologyaALbALcBiologyd2021-02-17g0.00l0o581.03 NOVPp030235r2021-02-17 00:00:00w2021-02-17yBK